[Event "Seville op 49th"]
[Site "Seville"]
[Date "2024.01.13"]
[Round "2"]
[White "Fiorito, Joaquin"]
[Black "Degro, Heiko"]
[Result "1-0"]
[WhiteElo "2401"]
[BlackElo "1984"]
[PlyCount "79"]
[EventDate "2024.01.12"]
[EventType "swiss"]
[EventRounds "9"]
[EventCountry "ESP"]
[SourceTitle "CB04_2024"]
[SourceDate "2023.10.16"]
[SourceVersion "1"]
[SourceVersionDate "2023.10.16"]
[SourceQuality "1"]

1. d4 Nf6 2. c4 e6 3. Nc3 Bb4 4. f3 d5 5. a3 Be7 6. e4 dxc4 7. Bxc4 c5 8. d5 exd5 9. Nxd5 Nxd5 10. Bxd5 0-0 11. Ne2 Nd7 12. Qc2 Qa5+ 13. Nc3 Qa6 14. Be3 Nf6 15. Qe2 Qxe2+ 16. Kxe2 Be6 17. Bxe6 fxe6 18. Rhd1 Rad8 19. Rac1 Kf7 20. e5 Nd7 21. f4 g5 22. Nb5 gxf4 23. Bxf4 Kg6 24. g3 Rf5 25. Nd6 Rxe5+ 26. Bxe5 Nxe5 27. Nc4 Nc6 28. Rxd8 Bxd8 29. Nd6 Nd4+ 30. Kd3 b6 31. b4 Nf3 32. bxc5 bxc5 33. h3 Bg5 34. Rb1 Be7 35. Nc4 Bf6 36. Rb7 Ne5+ 37. Nxe5+ Bxe5 38. Rxa7 Bxg3 39. Re7 e5 40. a4 1-0

[Event "San Cristobal op 5th"]
[Site "San Cristobal de La Laguna"]
[Date "2023.08.28"]
[Round "4"]
[White "Garcia Padron, Jose"]
[Black "Degro, Heiko"]
[Result "1-0"]
[WhiteElo "2397"]
[BlackElo "1991"]
[PlyCount "107"]
[EventDate "2023.08.26"]
[EventType "swiss"]
[EventRounds "9"]
[EventCountry "ESP"]
[SourceTitle "EXT 2024"]
[Source "ChessBase"]
[SourceDate "2023.10.10"]
[SourceVersion "1"]
[SourceVersionDate "2023.10.10"]
[SourceQuality "1"]

1. d4 Nf6 2. Nf3 d5 3. c4 e6 4. Nc3 Be7 5. Bg5 Nbd7 6. e3 h6 7. Bh4 0-0 8. Qc2 dxc4 9. Bxc4 c5 10. dxc5 Bxc5 11. 0-0 a6 12. Rfd1 Be7 13. Be2 Qe8 14. Nd4 Ne5 15. Bg3 Nfd7 16. h3 Bf6 17. Rac1 Qe7 18. Ne4 Nb6 19. Nxf6+ Qxf6 20. Qc7 Ned7 21. Bf3 Nd5 22. Qd6 Ne7 23. Rc7 e5 24. Ne2 Nf5 25. Qxf6 gxf6 26. Rdxd7 Bxd7 27. Rxd7 Rab8 28. Bxb7 Rfd8 29. Rxd8+ Rxd8 30. Bxa6 Rd1+ 31. Kh2 Rd2 32. Nc3 Rxb2 33. Bd3 Ne7 34. f4 exf4 35. Bxf4 Kg7 36. Be4 Ng6 37. Bd5 Nxf4 38. exf4 Rd2 39. Be4 Rd4 40. Bf3 Rxf4 41. Be2 Rd4 42. a4 Rd2 43. Bb5 Rc2 44. Ne4 f5 45. Nd6 f4 46. Kg1 Kf6 47. a5 Ke6 48. Nb7 Kd5 49. a6 Ra2 50. Nd8 Ra5 51. Be2 f6 52. Kf2 Ra3 53. Bf3+ Kd4 54. Bb7 1-0

[Event "San Cristobal de La Laguna op 4th"]
[Site "San Cristobal de La Laguna"]
[Date "2022.08.28"]
[Round "2"]
[White "Degro, Heiko"]
[Black "Sosa, Tomas Sebastian"]
[Result "0-1"]
[WhiteElo "2040"]
[BlackElo "2531"]
[PlyCount "64"]
[EventDate "2022.08.27"]
[EventType "swiss"]
[EventRounds "9"]
[EventCountry "ESP"]
[SourceTitle "CBM 210 Extra"]
[Source "ChessBase"]
[SourceDate "2022.11.30"]
[SourceVersion "1"]
[SourceVersionDate "2022.11.30"]
[SourceQuality "1"]

1. d4 Nf6 2. Nf3 e6 3. e3 c5 4. Bd3 b6 5. 0-0 Be7 6. b3 0-0 7. Bb2 Bb7 8. Nbd2 d6 9. Re1 Nbd7 10. Bf1 Qc7 11. c4 Rfd8 12. Qc2 Rac8 13. Rac1 cxd4 14. Nxd4 Qc5 15. Qd1 Qg5 16. e4 Nc5 17. f3 Nh5 18. Nb1 Bf6 19. Rc2 d5 20. cxd5 exd5 21. e5 Bxe5 22. Ne6 Bxh2+ 23. Kxh2 Nxe6 24. Rxc8 Rxc8 25. Nc3 Qg3+ 26. Kg1 Nhf4 27. Qd2 Ng5 28. Kh1 d4 29. Ne4 Qh4+ 30. Kg1 Nfh3+ 31. Kh2 Nxf3+ 32. gxf3 Ng5+ 0-1

[Event "San Cristobal de La Laguna op 2nd"]
[Site "San Cristobal de la Laguna"]
[Date "2019.09.05"]
[Round "6"]
[White "Perez Garcia, Jimena"]
[Black "Degro, Heiko"]
[Result "0-1"]
[WhiteElo "1705"]
[BlackElo "2038"]
[PlyCount "110"]
[EventDate "2019.08.31"]
[EventType "swiss"]
[EventRounds "9"]
[EventCountry "ESP"]
[SourceTitle "EXT 2020"]
[Source "ChessBase"]
[SourceDate "2019.10.17"]
[SourceVersion "1"]
[SourceVersionDate "2019.10.17"]
[SourceQuality "1"]

1. d4 Nf6 2. Nf3 e6 3. Bg5 c5 4. c3 cxd4 5. cxd4 Qa5+ 6. Bd2 Qb6 7. Nc3 d5 8. e3 Nc6 9. Be2 Bd6 10. 0-0 0-0 11. Bc1 a6 12. b3 Qc7 13. Bb2 Ne4 14. Rc1 f5 15. h3 Qe7 16. Nb1 Bd7 17. Nbd2 Qf6 18. Ne1 Nxd2 19. Qxd2 f4 20. Nd3 fxe3 21. Qxe3 Ne7 22. Ne5 Be8 23. Bg4 h5 24. Bf3 Nf5 25. Qe2 Bb5 26. Qd2 Bxf1 27. Nd7 Qf7 28. Nxf8 Bb5 29. Nxe6 Qxe6 30. Bxh5 Qh6 31. Qxh6 Nxh6 32. Re1 Bd7 33. Bf3 Bc6 34. Re6 Rd8 35. Bh5 Nf5 36. Bg4 Ne7 37. Bc1 Kf7 38. Bg5 Ba3 39. f4 Bd7 40. Rb6 Bxg4 41. hxg4 Rd7 42. f5 Nc6 43. Bd2 Bb2 44. Be3 Re7 45. Bf2 Nxd4 46. Rd6 Ne2+ 47. Kf1 Nf4 48. g3 Be5 49. Rb6 Nd3 50. Rg6 Nxf2 51. Kxf2 Rc7 52. Re6 Rc2+ 53. Kf3 Rc3+ 54. Ke2 Bxg3 55. Kd2 Rc6 0-1

[Event "Seville op 41st"]
[Site "Seville"]
[Date "2016.01.12"]
[Round "5"]
[White "Paunovic, Dragan"]
[Black "Degro, Heiko"]
[Result "1-0"]
[WhiteElo "2432"]
[BlackElo "2089"]
[PlyCount "67"]
[EventDate "2016.01.08"]
[EventType "swiss"]
[EventRounds "9"]
[EventCountry "ESP"]
[SourceTitle "CBM 170 Extra"]
[Source "ChessBase"]
[SourceDate "2016.02.25"]
[SourceVersion "1"]
[SourceVersionDate "2016.02.25"]
[SourceQuality "1"]

1. Nf3 d5 2. d4 Nf6 3. c4 e6 4. Nc3 Be7 5. Bg5 h6 6. Bxf6 Bxf6 7. e3 0-0 8. Rc1 c6 9. Be2 Nd7 10. 0-0 a6 11. a4 a5 12. e4 dxe4 13. Nxe4 Be7 14. Qc2 Nf6 15. Rfd1 Qc7 16. c5 Qf4 17. Nxf6+ Bxf6 18. g3 Qc7 19. Qe4 g6 20. Ne5 Bg7 21. h4 f5 22. Qe3 Rf6 23. f4 Bd7 24. Rb1 Be8 25. b4 axb4 26. Rxb4 Rf8 27. Qb3 Bxe5 28. dxe5 Qa5 29. Qc4 Bf7 30. Rxb7 Rfd8 31. Rxd8+ Rxd8 32. Qb4 Qa8 33. a5 Kg7 34. a6 1-0

[Event "Barcelona Sants op 17th"]
[Site "Barcelona"]
[Date "2015.08.28"]
[Round "8"]
[White "Boix Moreno, Daniel"]
[Black "Degro, Heiko"]
[Result "1-0"]
[WhiteElo "2253"]
[BlackElo "2070"]
[PlyCount "105"]
[EventDate "2015.08.21"]
[EventType "swiss"]
[EventRounds "10"]
[EventCountry "ESP"]
[SourceTitle "EXT 2016"]
[Source "ChessBase"]
[SourceDate "2015.10.08"]
[SourceVersion "1"]
[SourceVersionDate "2015.10.08"]
[SourceQuality "1"]

1. e4 c5 2. Nf3 d6 3. d4 cxd4 4. Nxd4 Nf6 5. Nc3 Nc6 6. Bg5 e6 7. Qd2 a6 8. 0-0-0 h6 9. Be3 Nxd4 10. Qxd4 Qa5 11. Kb1 Be7 12. f3 b5 13. Qd2 b4 14. Ne2 e5 15. Nc1 Be6 16. Nb3 Qa4 17. g4 Rd8 18. Qf2 Qc6 19. Be2 Nd7 20. h4 a5 21. Nc1 Rc8 22. Rd2 a4 23. Nd3 d5 24. exd5 Bxd5 25. Rhd1 Be6 26. f4 e4 27. Nc1 b3 28. cxb3 axb3 29. axb3 Bb4 30. f5 Bxd2 31. fxe6 fxe6 32. Bc4 Bxe3 33. Qxe3 Ne5 34. Rd4 Nxg4 35. Qg3 h5 36. Rd6 Qc5 37. Rxe6+ Kd7 38. Rxe4 Rce8 39. Qd3+ Kc7 40. Rf4 Rhf8 41. Bf7 Ne5 42. Qg3 Rxf7 43. Rxf7+ Kc8 44. Rxg7 Qd5 45. Qc3+ Nc6 46. Rg5 Qe4+ 47. Ka2 Re7 48. Ra5 Rc7 49. Ra4 Qg6 50. Nd3 Qd6 51. Nc5 Nb4+ 52. Qxb4 Rxc5 53. Qxc5+ 1-0

[Event "Oberliga Nord W 1415"]
[Site "Germany"]
[Date "2014.12.07"]
[Round "4.8"]
[White "Traetmar, Mattis"]
[Black "Degro, Heiko"]
[Result "0-1"]
[WhiteElo "1800"]
[BlackElo "2069"]
[PlyCount "102"]
[EventDate "2014.09.22"]
[EventType "team-tourn"]
[EventRounds "9"]
[EventCountry "GER"]
[SourceTitle "EXT 2016"]
[Source "ChessBase"]
[SourceDate "2015.10.08"]
[SourceVersion "1"]
[SourceVersionDate "2015.10.08"]
[SourceQuality "1"]
[WhiteTeam "Delmenhorst"]
[BlackTeam "Hannover"]
[WhiteTeamCountry "GER"]
[BlackTeamCountry "GER"]

1. e4 e5 2. Nf3 Nc6 3. Bb5 a6 4. Ba4 Nf6 5. 0-0 Be7 6. Re1 b5 7. Bb3 d6 8. c3 0-0 9. h3 Bb7 10. Bc2 Re8 11. d4 Bf8 12. Bg5 h6 13. d5 Nb8 14. Be3 c6 15. c4 bxc4 16. Nc3 cxd5 17. exd5 Nbd7 18. Qd2 Nb6 19. b3 Nbxd5 20. bxc4 Nxc3 21. Qxc3 Bxf3 22. gxf3 Qc8 23. Kh2 d5 24. Ba4 d4 25. Qd2 dxe3 26. Bxe8 Qxe8 27. fxe3 Qc6 28. Qe2 e4 29. f4 Nd7 30. Rec1 Nc5 31. Rab1 Nd3 32. Rc3 Bb4 33. Rc2 a5 34. Qg4 Ne1 35. Rcc1 Nf3+ 36. Kh1 Bd2 37. Rd1 Qxc4 38. f5 Qe2 39. Qg3 Bxe3 40. f6 g5 41. Re1 Nxe1 42. Rxe1 Bf2 43. Rxe2 Bxg3 44. Rxe4 Kh7 45. Kg2 Bf4 46. h4 Kg6 47. Kf3 Kxf6 48. Kg4 h5+ 49. Kf3 Rc8 50. hxg5+ Bxg5 51. Rd4 Rc5 0-1

[Event "Maastricht Limburg op-A 8th"]
[Site "Maastricht"]
[Date "2014.06.09"]
[Round "7"]
[White "Perrenet, Jacob"]
[Black "Degro, Heiko"]
[Result "1/2-1/2"]
[WhiteElo "2086"]
[BlackElo "2042"]
[PlyCount "113"]
[EventDate "2014.06.06"]
[EventType "swiss"]
[EventRounds "7"]
[EventCountry "NED"]
[SourceTitle "CBM 160 Extra"]
[Source "ChessBase"]
[SourceDate "2014.07.01"]
[SourceVersion "1"]
[SourceVersionDate "2014.07.01"]
[SourceQuality "1"]

1. Nc3 d5 2. e4 c6 3. Qf3 e6 4. Nh3 dxe4 5. Nxe4 Nd7 6. d4 Ngf6 7. Bd3 Nxe4 8. Qxe4 Nf6 9. Qh4 Qa5+ 10. Bd2 Qh5 11. Qxh5 Nxh5 12. 0-0-0 Nf6 13. f4 Bd6 14. c4 c5 15. Bc3 0-0 16. g4 Nxg4 17. dxc5 Bxc5 18. b4 Bb6 19. Ng5 Be3+ 20. Kb1 f5 21. Nh3 b6 22. Rhe1 Bb7 23. Be2 Be4+ 24. Kb2 Nf2 25. Rd7 Rf7 26. Rxf7 Kxf7 27. Bh5+ g6 28. Rxe3 Nd3+ 29. Rxd3 Bxd3 30. Ng5+ Ke7 31. Bf3 Rc8 32. c5 bxc5 33. bxc5 h6 34. Nh3 Rb8+ 35. Kc1 Rb5 36. Kd2 Bf1 37. Nf2 g5 38. Nd3 Bxd3 39. Kxd3 Kd7 40. Kc4 Rb1 41. c6+ Kc8 42. fxg5 hxg5 43. Bh5 Rc1 44. Be8 Kc7 45. Kd3 Rd1+ 46. Bd2 f4 47. Kc2 Rh1 48. Ba5+ Kb8 49. c7+ Kc8 50. Bb5 Rxh2+ 51. Kd3 Rh8 52. Ke4 Rf8 53. Ba6+ Kd7 54. Bb4 Rg8 55. Ba5 Rf8 56. a4 f3 57. Bb4 1/2-1/2

[Event "Oberliga Nord W 1314"]
[Site "Germany"]
[Date "2014.04.06"]
[Round "9.5"]
[White "Horn, Matthias"]
[Black "Degro, Heiko"]
[Result "1/2-1/2"]
[WhiteElo "2127"]
[BlackElo "2050"]
[PlyCount "152"]
[EventDate "2013.10.13"]
[EventType "team-tourn"]
[EventRounds "9"]
[EventCountry "GER"]
[SourceTitle "EXT 2015"]
[Source "ChessBase"]
[SourceDate "2014.11.20"]
[SourceVersion "1"]
[SourceVersionDate "2014.11.20"]
[SourceQuality "1"]
[WhiteTeam "Braunschweig"]
[BlackTeam "Hannover"]
[WhiteTeamCountry "GER"]
[BlackTeamCountry "GER"]

1. d4 Nf6 2. c4 g6 3. Nc3 d5 4. cxd5 Nxd5 5. e4 Nxc3 6. bxc3 Bg7 7. Nf3 c5 8. Rb1 0-0 9. Be2 Nc6 10. d5 Ne5 11. Nxe5 Bxe5 12. Qd2 e6 13. f4 Bc7 14. 0-0 exd5 15. exd5 Ba5 16. Bf3 Qf6 17. Bb2 Bf5 18. Rbd1 c4 19. Kh1 Bd3 20. Be2 Rfd8 21. Bxd3 Rxd5 22. Qc2 Rxd3 23. Rxd3 cxd3 24. Qxd3 Rd8 25. Qc2 Qd6 26. h3 Qd3 27. Qxd3 Rxd3 28. Re1 Bxc3 29. Bxc3 Rxc3 30. Re7 Rc1+ 31. Kh2 Rb1 32. Kg3 Rb2 33. Kf3 Rxa2 34. Rxb7 h5 35. Kg3 Kg7 36. Rc7 Ra4 37. Kf3 Ra3+ 38. Kf2 h4 39. Rc6 a5 40. Ra6 a4 41. Ra7 Kf6 42. Ra5 Ke6 43. Ra7 Ra1 44. Kf3 f5 45. Ra6+ Kf7 46. Ra7+ Ke6 47. Ra6+ Kd5 48. Rxg6 a3 49. Ra6 Kd4 50. g3 a2 51. Kg2 hxg3 52. h4 Ke4 53. Ra4+ Ke3 54. h5 Re1 55. Rxa2 Kxf4 56. h6 Re6 57. Ra4+ Kg5 58. Kxg3 Rxh6 59. Ra5 Rb6 60. Ra3 Rb4 61. Kf3 Rf4+ 62. Kg3 Rd4 63. Kf3 Kf6 64. Ra6+ Ke5 65. Ra5+ Rd5 66. Rxd5+ Kxd5 67. Kf4 Ke6 68. Kf3 Ke5 69. Ke3 f4+ 70. Kf3 Kf5 71. Kf2 Ke4 72. Ke2 f3+ 73. Kf2 Kf4 74. Kf1 Kg3 75. Kg1 f2+ 76. Kf1 Kf3 1/2-1/2

[Event "Hastings Masters op 89th"]
[Site "Hastings"]
[Date "2014.01.05"]
[Round "9"]
[White "Jackson, James P"]
[Black "Degro, Heiko"]
[Result "1-0"]
[WhiteElo "2282"]
[BlackElo "2060"]
[PlyCount "128"]
[EventDate "2013.12.28"]
[EventType "swiss"]
[EventRounds "9"]
[EventCountry "ENG"]
[SourceTitle "CBM 158 Extra"]
[Source "ChessBase"]
[SourceDate "2014.02.28"]
[SourceVersion "1"]
[SourceVersionDate "2014.02.28"]
[SourceQuality "1"]

1. e4 c6 2. d4 d5 3. exd5 cxd5 4. c4 Nf6 5. Nc3 e6 6. Nf3 Be7 7. Bd3 dxc4 8. Bxc4 0-0 9. 0-0 Nc6 10. a3 a6 11. Bg5 b5 12. Ba2 Bb7 13. Re1 Na5 14. Ne5 Rc8 15. Qd3 Bd5 16. Nxd5 exd5 17. Rad1 Re8 18. Bb1 g6 19. Qf3 Kg7 20. Bh6+ Kg8 21. Bg5 Kg7 22. h4 Nc4 23. Re2 Nxe5 24. dxe5 Ne4 25. Bxe4 dxe4 26. Rxe4 Qc7 27. Be3 Kg8 28. e6 f5 29. Red4 Qe5 30. h5 Qxe6 31. hxg6 hxg6 32. Rd7 Rcd8 33. Rxd8 Rxd8 34. Rxd8+ Bxd8 35. Qa8 Qf6 36. Qd5+ Kh7 37. g3 Qe7 38. Bd4 Bc7 39. Qh1+ Kg8 40. Qh8+ Kf7 41. Qg7+ Ke8 42. Qxg6+ Qf7 43. Qxa6 Qd7 44. Qg6+ Kd8 45. Qg8+ Ke7 46. Qg7+ Ke8 47. Qxd7+ Kxd7 48. Bc3 Ke6 49. b3 Kd5 50. a4 bxa4 51. bxa4 Kc6 52. Kg2 Bd6 53. Kf3 Bc7 54. Ke2 Bd6 55. Kd3 Bc5 56. Bd4 Bd6 57. Kc4 Bc7 58. Bc3 Bb6 59. Be1 Ba7 60. a5 Bc5 61. a6 Ba7 62. f3 Be3 63. Kd3 Bc5 64. Ke2 Kd5 1-0

[Event "Hastings Masters op 89th"]
[Site "Hastings"]
[Date "2014.01.02"]
[Round "6"]
[White "Degro, Heiko"]
[Black "Rowe, Duane"]
[Result "0-1"]
[WhiteElo "2060"]
[BlackElo "2218"]
[PlyCount "148"]
[EventDate "2013.12.28"]
[EventType "swiss"]
[EventRounds "9"]
[EventCountry "ENG"]
[SourceTitle "CBM 158 Extra"]
[Source "ChessBase"]
[SourceDate "2014.02.28"]
[SourceVersion "1"]
[SourceVersionDate "2014.02.28"]
[SourceQuality "1"]

1. d4 Nf6 2. Nf3 e6 3. g3 b6 4. Bg2 Bb7 5. c4 Bb4+ 6. Bd2 a5 7. 0-0 0-0 8. Bxb4 axb4 9. Nbd2 Na6 10. a3 c5 11. Nb3 Qc7 12. Nfd2 Bxg2 13. Kxg2 b5 14. cxb5 Qb7+ 15. Kg1 Qxb5 16. dxc5 Nxc5 17. Nxc5 Qxc5 18. Rc1 Qb5 19. axb4 Qxb4 20. Rc2 d5 21. Nf3 Rac8 22. Qc1 Qb7 23. Rd1 Rxc2 24. Qxc2 Rc8 25. Qb1 Qc7 26. b3 Ne4 27. Qd3 Qb6 28. Qe3 Qxe3 29. fxe3 Kf8 30. Rb1 Nc3 31. Re1 Nb5 32. Nd4 Rb8 33. Nxb5 Rxb5 34. Rb1 Ke7 35. b4 f5 36. h4 Kd6 37. Kf2 h6 38. Kf3 g5 39. hxg5 hxg5 40. Kf2 Rb7 41. Kf3 g4+ 42. Kf2 Kc6 43. Rc1+ Kb5 44. Rc5+ Kxb4 45. Rc6 Re7 46. Ra6 Kb5 47. Rd6 Kc5 48. Ra6 Re8 49. Kf1 d4 50. exd4+ Kxd4 51. Kf2 Ke5 52. Ra5+ Kf6 53. Ra6 Rb8 54. Rc6 Rb4 55. Rc8 Ke5 56. Rg8 Ke4 57. Rg6 e5 58. Rg8 Rb3 59. Rg5 Rb8 60. Rg7 Rh8 61. Ra7 Rh2+ 62. Kf1 f4 63. Ra4+ Kf5 64. gxf4 exf4 65. Ra5+ Kf6 66. Rb5 g3 67. Ra5 Rh1+ 68. Kg2 Re1 69. Ra2 Kf5 70. Ra5+ Kg4 71. Ra2 Rxe2+ 72. Rxe2 f3+ 73. Kf1 fxe2+ 74. Kg2 e1N+ 0-1

[Event "Hastings Masters op 89th"]
[Site "Hastings"]
[Date "2014.01.01"]
[Round "5"]
[White "Witt, Holger"]
[Black "Degro, Heiko"]
[Result "0-1"]
[WhiteElo "1648"]
[BlackElo "2060"]
[PlyCount "40"]
[EventDate "2013.12.28"]
[EventType "swiss"]
[EventRounds "9"]
[EventCountry "ENG"]
[SourceTitle "CBM 158 Extra"]
[Source "ChessBase"]
[SourceDate "2014.02.28"]
[SourceVersion "1"]
[SourceVersionDate "2014.02.28"]
[SourceQuality "1"]

1. b3 d5 2. e3 Nf6 3. Bb2 Bf5 4. f4 e6 5. Nf3 Bd6 6. Be2 c5 7. 0-0 Nc6 8. d3 0-0 9. Ne5 Bxe5 10. fxe5 Nd7 11. d4 Bg6 12. Nd2 Nb4 13. Rf3 Bxc2 14. Qf1 cxd4 15. Bxd4 Bg6 16. Rg3 Rc8 17. Qf4 Rc2 18. Rd1 Qa5 19. a4 Nc6 20. e4 Nxd4 0-1

[Event "Hastings Masters op 89th"]
[Site "Hastings"]
[Date "2013.12.31"]
[Round "4"]
[White "Degro, Heiko"]
[Black "Foisor, Mihaela Veronica"]
[Result "0-1"]
[WhiteElo "2060"]
[BlackElo "2216"]
[PlyCount "26"]
[EventDate "2013.12.28"]
[EventType "swiss"]
[EventRounds "9"]
[EventCountry "ENG"]
[SourceTitle "CBM 158 Extra"]
[Source "ChessBase"]
[SourceDate "2014.02.28"]
[SourceVersion "1"]
[SourceVersionDate "2014.02.28"]
[SourceQuality "1"]

1. Nf3 d5 2. d4 Nf6 3. c4 dxc4 4. e3 e6 5. Bxc4 c5 6. 0-0 a6 7. a4 Nc6 8. Qe2 Be7 9. Rd1 Qc7 10. Nc3 0-0 11. dxc5 Bxc5 12. e4 Ng4 13. Rf1 Nd4 0-1

[Event "Hastings Masters op 89th"]
[Site "Hastings"]
[Date "2013.12.30"]
[Round "3"]
[White "Dean, Michael J"]
[Black "Degro, Heiko"]
[Result "0-1"]
[WhiteElo "1597"]
[BlackElo "2060"]
[PlyCount "72"]
[EventDate "2013.12.28"]
[EventType "swiss"]
[EventRounds "9"]
[EventCountry "ENG"]
[SourceTitle "CBM 158 Extra"]
[Source "ChessBase"]
[SourceDate "2014.02.28"]
[SourceVersion "1"]
[SourceVersionDate "2014.02.28"]
[SourceQuality "1"]

1. e4 c6 2. d4 d5 3. exd5 cxd5 4. Bb5+ Nc6 5. Nf3 Bg4 6. 0-0 e6 7. h3 Bh5 8. Bf4 Qb6 9. Nbd2 Qxb5 10. c3 Nf6 11. Re1 Be7 12. b4 Qb6 13. a4 0-0 14. Qe2 Qd8 15. b5 Na5 16. Qe3 Bxf3 17. Qxf3 Rc8 18. Be5 Nc4 19. Nb3 b6 20. Qg3 Nd6 21. Bxf6 Bxf6 22. Nd2 Nf5 23. Qd3 Qc7 24. Rac1 Bg5 25. Qe2 Bxd2 26. Qxd2 Qc4 27. Qd1 Rfd8 28. g4 Nh4 29. Re5 Ng6 30. Re3 Qc7 31. Qf1 Qf4 32. Qd3 Nh4 33. Rc2 Rc4 34. Ra2 Rdc8 35. Ra3 h6 36. Rg3 Qc1+ 0-1

[Event "Hastings Masters op 89th"]
[Site "Hastings"]
[Date "2013.12.29"]
[Round "2"]
[White "Degro, Heiko"]
[Black "Stewart, Neil"]
[Result "0-1"]
[WhiteElo "2060"]
[BlackElo "2258"]
[PlyCount "80"]
[EventDate "2013.12.28"]
[EventType "swiss"]
[EventRounds "9"]
[EventCountry "ENG"]
[SourceTitle "CBM 158 Extra"]
[Source "ChessBase"]
[SourceDate "2014.02.28"]
[SourceVersion "1"]
[SourceVersionDate "2014.02.28"]
[SourceQuality "1"]

1. d4 d5 2. c4 c6 3. cxd5 cxd5 4. Nf3 Nf6 5. Nc3 Nc6 6. Bf4 a6 7. Rc1 Bf5 8. Nh4 Bd7 9. Nf3 Rc8 10. Ne5 e6 11. e3 Qb6 12. Nd3 Nb4 13. Nxb4 Bxb4 14. Bd3 Bb5 15. 0-0 Bxc3 16. Rxc3 Rxc3 17. bxc3 Bxd3 18. Qxd3 Qc6 19. Rc1 b5 20. Be5 0-0 21. Bxf6 gxf6 22. Qd1 Kh8 23. Qf3 f5 24. Qf4 f6 25. f3 b4 26. e4 bxc3 27. exf5 exf5 28. Qe3 c2 29. Qe2 Rc8 30. Qe7 Qb6 31. h3 Qxd4+ 32. Kh1 Qb2 33. Rxc2 Qxc2 34. Qxf6+ Kg8 35. Qe6+ Kg7 36. Qe5+ Kf7 37. Qxd5+ Ke7 38. Qe5+ Kd7 39. Qd4+ Kc6 40. Qf6+ Kb7 0-1

[Event "Oberliga Nord W 1314"]
[Site "Germany"]
[Date "2013.11.10"]
[Round "2.6"]
[White "Schmidt, Dennis"]
[Black "Degro, Heiko"]
[Result "1/2-1/2"]
[WhiteElo "2063"]
[BlackElo "2050"]
[PlyCount "67"]
[EventDate "2013.10.13"]
[EventType "team-tourn"]
[EventRounds "9"]
[EventCountry "GER"]
[SourceTitle "EXT 2015"]
[Source "ChessBase"]
[SourceDate "2014.11.20"]
[SourceVersion "1"]
[SourceVersionDate "2014.11.20"]
[SourceQuality "1"]
[WhiteTeam "Hameln"]
[BlackTeam "Hannover"]
[WhiteTeamCountry "GER"]
[BlackTeamCountry "GER"]

1. e4 e5 2. Nc3 Nf6 3. Bc4 Bc5 4. d3 Nc6 5. f4 d6 6. f5 h6 7. Nf3 Nd4 8. Nxd4 Bxd4 9. Qf3 c6 10. Ne2 Bb6 11. Bd2 Bd7 12. Bb3 Qe7 13. g4 d5 14. h4 dxe4 15. dxe4 0-0-0 16. 0-0-0 h5 17. gxh5 Nxh5 18. Ng3 Nxg3 19. Qxg3 Rh7 20. Bc3 Rdh8 21. Bxe5 Rxh4 22. Rxh4 Rxh4 23. Bf4 Rh7 24. Qd3 Bc7 25. Be3 b6 26. a4 Rh3 27. Kb1 Bxf5 28. Qa6+ Kb8 29. exf5 Rxe3 30. Qc4 Re1 31. Rxe1 Qxe1+ 32. Ka2 Qe8 33. Qxf7 Qxf7 34. Bxf7 1/2-1/2

[Event "Daehne Cup Region VII"]
[Site "Hannover"]
[Date "2013.07.04"]
[Round "4"]
[White "Degro, Heiko"]
[Black "Schulze, Torben"]
[Result "0-1"]
[WhiteElo "1983"]
[BlackElo "2211"]
[PlyCount "86"]
[EventDate "2013.05.30"]
[EventType "k.o."]
[EventRounds "5"]
[EventCountry "GER"]
[SourceTitle "EXT 2022"]
[Source "ChessBase"]
[SourceDate "2021.10.06"]
[SourceVersion "1"]
[SourceVersionDate "2021.10.06"]
[SourceQuality "1"]

1. d4 d6 2. Nf3 Nf6 3. g3 Nbd7 4. Bg2 e5 5. 0-0 c6 6. c4 Be7 7. Nc3 0-0 8. h3 Re8 9. e4 Bf8 10. Re1 a6 11. a4 a5 12. Be3 Qc7 13. Rc1 exd4 14. Nxd4 Nc5 15. Bf4 Nfd7 16. Nb3 Na6 17. Ne2 Ne5 18. Ned4 Nb4 19. Bf1 g6 20. Be3 Nd7 21. Bg2 Nc5 22. Ra1 Bg7 23. f3 Ncd3 24. Re2 f5 25. Rd2 fxe4 26. fxe4 Nc5 27. Nxc5 dxc5 28. Bf4 Qf7 29. Nb3 b6 30. Rc1 Be6 31. Qe2 Rad8 32. Rxd8 Rxd8 33. Rd1 Rxd1+ 34. Qxd1 Bxc4 35. Qd8+ Qf8 36. Qxf8+ Kxf8 37. Nd2 Bd4+ 38. Kh2 Be2 39. Bc7 c4 40. Bf1 Bxf1 41. Nxf1 Ke7 42. Nd2 Kd7 43. Bf4 b5 0-1

[Event "Daehne Cup Region VI"]
[Site "Hannover"]
[Date "2013.06.26"]
[Round "1"]
[White "Nagel, Detlev"]
[Black "Degro, Heiko"]
[Result "0-1"]
[WhiteElo "1493"]
[BlackElo "1983"]
[PlyCount "102"]
[EventDate "2013.06.26"]
[EventType "k.o."]
[EventRounds "3"]
[EventCountry "GER"]
[SourceTitle "EXT 2022"]
[Source "ChessBase"]
[SourceDate "2021.10.06"]
[SourceVersion "1"]
[SourceVersionDate "2021.10.06"]
[SourceQuality "1"]

1. c4 e5 2. Nc3 Nf6 3. Nf3 Nc6 4. e3 Be7 5. d4 exd4 6. exd4 d5 7. c5 0-0 8. Be2 Ne4 9. Qb3 Nxc3 10. bxc3 b6 11. cxb6 axb6 12. 0-0 Bf5 13. Bb5 Na5 14. Qd1 c6 15. Bd3 Bxd3 16. Qxd3 Bf6 17. Ba3 Re8 18. Bc1 Nc4 19. Nd2 Nd6 20. c4 dxc4 21. Nxc4 Nxc4 22. Qxc4 Qxd4 23. Qxd4 Bxd4 24. Rb1 Rxa2 25. Bf4 b5 26. Bd6 Ree2 27. Bg3 f6 28. Rb4 Bc3 29. Rbb1 Be5 30. Rfe1 Bxg3 31. Rxe2 Rxe2 32. hxg3 Rc2 33. Kf1 Kf7 34. f4 f5 35. Ra1 b4 36. Ra7+ Kg6 37. Rb7 c5 38. Rb6+ Kh5 39. Kg1 g6 40. Kh2 Rc1 41. Rb7 Kh6 42. g4 fxg4 43. Kg3 Rc2 44. Rb8 Kh5 45. Rb7 Rc3+ 46. Kh2 h6 47. Rb5 b3 48. Ra5 Kh4 49. g3+ Kh5 50. Rb5 Rc2+ 51. Kg1 b2 0-1

[Event "Daehne Cup Region VII"]
[Site "Hannover"]
[Date "2013.06.06"]
[Round "2"]
[White "Degro, Heiko"]
[Black "Nagel, Detlev"]
[Result "1-0"]
[WhiteElo "1983"]
[BlackElo "1493"]
[PlyCount "69"]
[EventDate "2013.05.30"]
[EventType "k.o."]
[EventRounds "5"]
[EventCountry "GER"]
[SourceTitle "EXT 2022"]
[Source "ChessBase"]
[SourceDate "2021.10.06"]
[SourceVersion "1"]
[SourceVersionDate "2021.10.06"]
[SourceQuality "1"]

1. c4 c6 2. e4 e5 3. Nf3 d6 4. d4 exd4 5. Nxd4 c5 6. Nc2 Nc6 7. Nc3 Nf6 8. Be2 Qa5 9. 0-0 Be6 10. a3 Rd8 11. b4 cxb4 12. axb4 Qc7 13. f4 Be7 14. b5 Na5 15. Qd4 Nb3 16. Qd3 Nxa1 17. Nxa1 Rc8 18. Nd5 Bxd5 19. exd5 0-0 20. Nb3 Nd7 21. Be3 b6 22. Nd4 Nc5 23. Qc2 Bf6 24. Nc6 Nd7 25. Bd3 g6 26. Kh1 Rfe8 27. Bd2 Nc5 28. f5 g5 29. Rf3 h5 30. h3 Kh8 31. Bc3 Be5 32. f6 Bf4 33. Bf5 Ra8 34. Rxf4 gxf4 35. Qd1 1-0